000 01263cam a22003617a 4500
003 CHAP
005 20220817043821.0
008 010920d2001 mx r 00110 spa d
010 _a85197
011 _a86169
035 _a96707
040 _cCHAP
090 _aTesis
100 0 0 _aTéllez Téllez, Agustín.
_9113567
245 1 0 _aAnálisis del índice de desarrollo humano en el estado de Veracruz :
_b1995
_c/por Agustín Téllez Téllez
260 _aChapingo, Méx. :
_bEl autor,
_c2001.
300 _a110 h.
502 _aTesis (Lic. en Estadística) -- UACH. División de Ciencias Forestales
590 _aALEPH
_b10
_c20130110
_lUCH01
_h1445
590 _aBATCH-UPD
_b10
_c20130110
_lUCH01
_h0758
590 _aBATCH-UPD
_b10
_c20130410
_lUCH01
_h0437
590 _aBATCH-UPD
_b10
_c20130914
_lUCH01
_h1152
590 _aCONVERSION
_b10
_c20130109
_lUCH01
_h1347
650 1 4 _aDesarrollo económico.
650 1 4 _aDesarrollo social.
650 1 4 _aVeracruz
_xCondiciones económicas.
_9118807
650 1 4 _aVeracruz
_xCondiciones sociales.
_9118809
901 _aBK
905 _aAlejandra Carrasco M.
942 _cFOLL
949 _aTesis
_bBC
_cTES
_d33724000895561
_eTS2
_fc.2
_h38974
_i96707
_sb
949 _aTesis
_bBC
_cTES
_d967071
_eTS1
_h38973
_i96707
_sb
999 _c85197
_d85197